Responses for Show #6670 - Friday, September 20, 2013

Jared Hall game 7.

Contestants

[<< previous game]

Matt Volk, a financial analyst from Cedar Rapids, Iowa

Kellie Chan, a graduate student of biology from Chuluota, Florida

Jared Hall, a graduate student in global policy studies from Austin, Texas (whose 6-day cash winnings total $181,001)

[next game >>]

Jeopardy! Round responses

NEWSMEN
SPECIAL MONTHS
HEADING "NORTH"
BESTSELLERS
DO YOU COMPUTE?
REPHRASING CLICHES
    $200 15
Bob Woodward

Matt
    $200 25
(Kellie: What are vaccines, [*]?)

immunization (vaccination accepted)

Kellie
    $200 1
north pole

Jared
    $200 10
The Zombie Survival Guide

Jared
    $200 20
read-only memory

Matt
    $200 3
paint the town red

Jared
    $400 16
Jim Lehrer

Jared
    $400 13
occupational therapy

Jared
    $400 2
North Korea

Matt
    $400 12
a sniper

Matt
    $400 21
Photoshop

Jared
    $400 7
keep your fingers crossed

Kellie
    $600 17
Fox News

Matt
    $600 14
FEMA

Matt
    $600 4
North Carolina

Kellie
    $600 23
J.K. Rowling

Jared
    $600 22
.edu

Matt
    $600 8
stubborn as a mule

Kellie
    $800 18
Wolf Blitzer

Jared
    $800 26
(Alex: Good, and less than a minute to go now.)

the sandwich generation

Jared
    $800 5
the North Sea

Jared
    $800 24
dragons

Matt
    $800 9
light at the end of the tunnel

Matt
    $1000 19
Edward R. Murrow

Matt
    $1000 27
(Alex: The musical instrument is the 'cordeen, [*].)

the accordion

Triple Stumper
    $1000 6
the North Slope

Jared
    $3,000 28
(Jared: Who is Grisham?)
(Alex: No, not John Grisham. "Who is [*]?")
[The end-of-round signal sounds.]

Herman Wouk

Jared
    $1000 11
(Kellie: What is dead as a--a...)

a dead ringer

JaredKellie

Scores at the first commercial break (after clue 15):

Jared Kellie Matt
$3,800 $600 $2,400

Scores at the end of the Jeopardy! Round:

Jared Kellie Matt
$3,800 $800 $5,600

Double Jeopardy! Round responses

FIND YOUR "VOICE"
IT TAKES ONE TO ROW ONE
HITS & MISSES
WRITING TEAMS
SAN ANTONIO
HOW'D THEY MAKE THEIR MONEY?
(Alex: In the last category, [*], the clues will be delivered by the stars of Shark Tank, which debuts its current season today.)
    $400 1
a voiceover

Matt
    $400 20
a kayak

Kellie
    $400 12
Pat Benatar

Matt
    $400 8
the Brontës

Matt
    $400 7
the Alamo Dome

Matt
    $400 2
the oil business

Matt
    $800 24
a voiceprint

Kellie
    $800 21
(Kellie: What's a canal?)

a gondola

JaredKellie
    $800 13
Cher

Jared
    $800 9
the Beat Movement

Jared
    $800 10
(Jared: What is a jail?)
...
(Alex: Curtiss Jenny was a plane, so it has an old [*].)

hangar

Jared
Triple Stumper
    $800 3
(Jared: What is AT&T?)

Western Union

JaredMatt
    $1200 25
the voice of the people

Kellie
    $1200 14
Britney Spears

Matt
    $1200 11
Clark

Matt
    $1200 17
the River Walk

Matt
    $1200 4
the Medicis

Matt
    $2,000 26
[The end-of-round signal sounds.]

the Voice of America

Kellie
    $1600 15
(Matt: Who is Faith Hill?)

(1 of) Tricia Yearwood & LeAnn Rimes

Matt
Triple Stumper
    $1600 22
Wordsworth

Jared
    $1,000 18
the Chisholm Trail

Matt
    $1600 5
fur trading

Matt
    $2000 16
Nicki Minaj

Matt
    $2000 23
(Jared: Uh... Jagger?)
...
(Alex: The other author was [*]. Less than a minute to go now, Jared.)

Moss Hart

Jared
Triple Stumper
    $2000 19
Castro

Matt
    $2000 6
(Jared: What is Pan-Am?)
...
(Alex: Their rival, correct.)

TWA

JaredMatt

Scores at the end of the Double Jeopardy! Round:

Jared Kellie Matt
$2,200 $4,400 $20,200
(lock game)

[wagering suggestions for these scores]

Final Jeopardy! Round responses

FRENCH GEOGRAPHY
(Alex: No, it's [*], the little principality of [*].)
JaredWhat is Lichtenstein
$2,200
KellieWhat is Andorra?
$0
MattWhat is Andorra?
$4,800
Monaco

Final scores:

Jared Kellie Matt
$0 $4,400 $15,400
3rd place: $1,000 2nd place: $2,000 New champion: $15,400

Game dynamics:

Coryat scores:

Jared Kellie Matt
$5,200 $4,000 $20,800
16 R,
5 W
(including 1 DD)
8 R
(including 1 DD),
2 W
25 R
(including 1 DD),
1 W

Combined Coryat: $30,000

[game clues] [game scores] [suggest correction]

Game tape date: 2013-08-20
The J! Archive is created by fans, for fans. Scraping, republication, monetization, and malicious use prohibited; this site may use cookies and collect identifying information. See terms. The Jeopardy! game show and all elements thereof, including but not limited to copyright and trademark thereto, are the property of Jeopardy Productions, Inc. and are protected under law. This website is not affiliated with, sponsored by, or operated by Jeopardy Productions, Inc. Join the discussion at JBoard.tv.